Normal view
MARC view
Entry Nombre personal
001 - NÚMERO DE CONTROL
- campo de control: 443
003 - IDENTIFICADOR DE NÚMERO DE CONTROL
- campo de control: DLC
005 - FECHA Y HORA DE LA ÚLTIMA TRANSACCIÓN
- campo de control: 20260211091751.0
008 - ELEMENTOS DE DATO DE LONGITUD-FIJA
- campo de control de longitud fija: 791005n| azannaabn |n aaa
010 ## - NÚMERO DE CONTROL DE LA BIBLIOTECA DEL CONGRESO
- Número de control de LC: n 79084844
035 ## - NÚMERO DE CONTROL DEL SISTEMA
- Número de control de sistema: (OCoLC)oca00317332
040 ## - FUENTE DE CATALOGACIÓN
- Centro catalogador/agencia de origen: DLC
- Lengua de catalogación: eng
- Normas de descripción: rda
- Centro/agencia transcriptor: DLC
- Centro/agencia modificador: DLC
- Centro/agencia modificador: InU
- Centro/agencia modificador: OCoLC
046 ## - FECHAS CON CODIFICACIÓN ESPECIAL
- Fecha de nacimiento: 1938
- Fuente del esquema de fecha: edtf
100 1# - ENCABEZAMIENTO-NOMBRE DE PERSONA
- Nombre de persona: Schluchter, Wolfgang,
- Fechas asociadas al nombre: 1938-
377 ## - IDIOMA ASOCIADO
- Código del idioma: ger
670 ## - FUENTE DE DATOS ENCONTRADOS
- Cita de la fuente: His Entscheidung für den sozialistischen Rechtsstaat, 1968.
670 ## - FUENTE DE DATOS ENCONTRADOS
- Cita de la fuente: Asketischer Protestantismus und der "Geist" des modernen Kapitalismus, c2005:
- Información encontrada: t.p. (Wolfgang Schluchter) t.p. verso (b. 1938; Professor für Soziologie an der Universität Heidelberg)